00453nam a2200169Ia 450000500170000000800410001702000150005804000190007304100120009208200110010424500650011526000260018030000230020665000220022970000220025185000100027320230614100806.0131103s9999 xx 000 0 und d a8129110083 aLoreto College aEnglish aFbBON aStairway to nowhere and other storiescedited by Ruskin Bond aNew DelhibRupac2006 axiii,113 p.b ill. aFiction - English aBond, Ruskin, ed. aLCLIB